书目信息 |
| 题名: |
水利工程造价计价与控制
|
|
| 作者: | ;中国水利工程协会 编著 | |
| 分册: | ||
| 出版信息: | 北京 中国水利水电出版社 2010 |
|
| 页数: | 203页 | |
| 开本: | 26cm | |
| 丛书名: | ||
| 单 册: | ||
| 中图分类: | TV512-43 | |
| 科图分类: | 86.83415 | |
| 主题词: | 水利工程--Shui Li Gong Cheng--工程造价--教材 | |
| 电子资源: | ||
| ISBN: | 978-7-5084-7535-6 | |
| 000 | 01127nam0 2200277 450 | |
| 001 | 012001003610 | |
| 005 | 20131104171859.0 | |
| 010 | @a978-7-5084-7535-6@dCNY45.00 | |
| 099 | @aCAL 012010197515 | |
| 100 | @a20100929d2010 em y0chiy50 ea | |
| 101 | 0 | @achi |
| 102 | @aCN@b110000 | |
| 105 | @aak a 000yy | |
| 106 | @ar | |
| 200 | 1 | @a水利工程造价计价与控制@Ashui li gong cheng zao jia ji jia yu kong zhi@f中国水利工程协会编著 |
| 210 | @a北京@c中国水利水电出版社@d2010 | |
| 215 | @a203页@c图@d26cm | |
| 300 | @a全国建设工程造价员(水利)培训教材 | |
| 320 | @a有书目 (第203页) | |
| 330 | @a本书从国内水利工程建设现状出发,回答了工程概(估)算编制、招标与投标、合同管理等过程中的造价管理问题,并对其中的重点和难点问题作了针对性的解析。教材深入浅出地阐明了水利工程造价管理的基本概念、基本知识和基本方法,具有较强的实用性,对实际工作具有一定的参考价值。 | |
| 606 | 0 | @a水利工程@AShui Li Gong Cheng@x工程造价@j教材 |
| 690 | @aTV512-43@v4 | |
| 692 | @a86.83415@v3 | |
| 711 | 02 | @a中国水利工程协会@Azhong guo shui li gong cheng xie hui@4编著 |
| 801 | 2 | @aCN@b上海新华@c20191020 |
| 905 | @b1205981-3@dTV512-43@e86@f3 | |
| 水利工程造价计价与控制/中国水利工程协会编著.-北京:中国水利水电出版社,2010 |
| 203页:图;26cm |
| 全国建设工程造价员(水利)培训教材 |
| ISBN 978-7-5084-7535-6:CNY45.00 |
| 本书从国内水利工程建设现状出发,回答了工程概(估)算编制、招标与投标、合同管理等过程中的造价管理问题,并对其中的重点和难点问题作了针对性的解析。教材深入浅出地阐明了水利工程造价管理的基本概念、基本知识和基本方法,具有较强的实用性,对实际工作具有一定的参考价值。 |
| ● |
| 相关链接 |
|
|
|
|
正题名:水利工程造价计价与控制
索取号:TV512-43/86
 
预约/预借
| 序号 | 登录号 | 条形码 | 馆藏地/架位号 | 状态 | 备注 |
| 1 | 1205981 | 212059813 | 第二样本阅览室/ [索取号:TV512-43/86] | 在馆 | |
| 2 | 1205982 | 212059822 | 第三借阅区/ [索取号:TV512-43/86] | 在馆 | |
| 3 | 1205983 | 212059831 | 第三借阅区/ [索取号:TV512-43/86] | 在馆 |